| 000 | 01817cam a2200361 i 4500 | ||
|---|---|---|---|
| 001 | 3076 | ||
| 003 | FISKH | ||
| 005 | 20240202142348.0 | ||
| 008 | 170313s2017 enkab d 000 1 eng | ||
| 010 | _a 2017492692 | ||
| 020 |
_a9781509840496 _qhardback |
||
| 020 |
_a1509840494 _qhardback |
||
| 020 | _a9781509840472 | ||
| 020 | _a9781509840472 | ||
| 040 |
_aDLC _beng _cDLC _erda |
||
| 042 | _apcc | ||
| 043 | _aa-sy--- | ||
| 050 | 0 | 0 |
_aPZ7.L1579 _bWe 2017 |
| 082 | _a823.92 | ||
| 100 | 1 | _aLaird, Elizabeth, | |
| 245 | 1 | 0 |
_aWelcome to nowhere / _cElizabeth Laird ; illustrated by Lucy Eldridge. |
| 260 |
_aLondon : _bMacmillan Children's Books, _c2017. |
||
| 300 |
_a329 pages : _billustrations, map ; _c20 cm |
||
| 520 | _aTwelve-year-old Omar and his brothers and sister were born and raised in the beautiful and bustling city of Bosra, Syria. Omar doesn't care about politics - all her wants is to grow up to become a successful businessman who will take the world by storm. But when his clever older brother, Musa, gets mixed up with some young political activists, everything changes. Before long, bombs are falling, people are dying, and Omar and his family have no choice but to flee their home with only what they can carry. But no matter how far they run, the shadow of war follows them - until they have no choice but to attempt the dangerous journey to escape their homeland altogether. But where do you go, when you cannot go home? -- | ||
| 650 | 0 |
_aRefugees _vJuvenile fiction. |
|
| 650 | 0 |
_aFamilies _zSyria _vJuvenile fiction. |
|
| 650 | 0 | _aChildren's stories. | |
| 650 | 0 | _aYoung adult fiction. | |
| 651 | 0 |
_aSyria _xHistory _yCivil War, 2011- _vJuvenile fiction. |
|
| 700 | 1 |
_aEldridge, Lucy, _eillustrator. |
|
| 906 |
_a7 _bcbc _corigres _d3 _encip _f20 _gy-gencatlg |
||
| 942 |
_2ddc _cBK _n0 |
||
| 999 |
_c3076 _d3076 |
||